Statystyki dla Logo Quiz #1 Poziom Łatwy

Kliknij tutaj aby rozwiązać quiz!

Ogólne statystyki

  • Ten quiz został rozwiązany 10 205 razy
    (10 166 od ostatniego zresetowania)
  • Średni wynik to 26 z 28

Statystyki odpowiedzi

Odpowiedź% Poprawnych
Instagram
99%
Sprite
99%
Lipton
98%
Nike
98%
Samsung
98%
Youtube
98%
Audi
97%
Coca-Cola
97%
Facebook
97%
Adidas
96%
Google
96%
KFC
96%
Lays
96%
Lego
96%
Snickers
96%
Gmail
95%
Puma
95%
Snapchat
95%
Visa
95%
McDonald's
94%
Skype
93%
Amazon
91%
PayPal
89%
Firefox
87%
Toyota
87%
Burger King
86%
PlayStation
86%
JetPunk
79%

Rozkład punktacji

Percentyl według liczby udzielonych odpowiedzi

Procent ludzi z każdym wynikiem

Twoja historia wyników

Nie rozwiązałeś tego quizu od ostatniego zresetowania